| 000 | 00401nam a2200157 i 4500 | ||
|---|---|---|---|
| 001 | bg | ||
| 100 | 1 | _aCZYŻ, Eugeniusz. | |
| 245 | 0 |
_aWzory i przykłady liczbowe obliczeń statycznych. _nT. 1 / _cEugeniusz Czyż. |
|
| 250 | _aWyd. 2 zm. i uzup. | ||
| 260 |
_aWarszawa, _c1961. |
||
| 040 | _cBPK | ||
| 041 | _apol | ||
| 080 | _a624.04(076) | ||
| 942 | _cKS | ||
| 008 | s pl f |000 0 pol | ||
| 999 |
_c172 _d172 |
||
| 856 |
_uhttp://koha.tu.koszalin.pl/cgi-bin/koha/opac-detail.pl?biblionumber=172 _yKatalog online BPK |
||